Titulaires France 2022 - Statistiques

Statistiques générales
  • Ce quiz a été pris 149 fois
  • Le résultat moyen est 11 sur 12
Statistiques - réponses
Numéro Joueur % Correct
10 Kylian Mbappé
100%
1 Hugo Lloris
99%
7 Antoine Griezmann
98%
9 Olivier Giroud
98%
Sélectionneur Didier Deschamps
97%
22 Théo Hernandez
95%
4 Raphaël Varane
93%
11 Ousmane Dembélé
89%
8 Aurélien Tchouaméni
88%
18 Dayot Upamécano
88%
14 Adrien Rabiot
86%
5 Jules Koundé
83%
Aucun quiz correspondant
Distribution des résultats
% des personnes avec chaque résultat
Percentile par nombre de réponses
Votre historique - résultats
Vous n’avez pas pris ce quiz